| 000 | 00889nac a22002531u 4500 | ||
|---|---|---|---|
| 010 | _a 73012983 | ||
| 020 | _a0070451036 | ||
| 022 | _a070451036 | ||
| 082 | 0 | 0 |
_a621.462 _bMCL |
| 090 |
_c6555 _d6555 |
||
| 100 | _aMcIntyre, R. L. | ||
| 245 | 1 | 0 |
_aElectric motor control fundamentals _c[by] R. L. McIntyre. |
| 250 | _a3d ed. | ||
| 260 |
_aNew York, _bMcGraw-Hill, c.[1974]. _cc.[1974] |
||
| 300 |
_aviii, 390 p. _billus. _c23 cm. |
||
| 500 | _aFirst published in 1960 under title: A-c motor-control fundamentals. | ||
| 500 | _aDistributer: Al-Ahram. | ||
| 511 | _aCatalogued By: Mahitab. | ||
| 650 | 0 | _aElectric controllers. | |
| 650 | 0 | _aElectric motors, Alternating current. | |
| 650 | 0 | _aAutomatic control. | |
| 942 |
_cBB _k621.462MCL |
||
| 999 |
_c6555 _d6555 |
||